Estética : Categorías básicas de lo estético /
Furkejuvvon:
| Váldodahkki: | |
|---|---|
| Materiálatiipa: | Dovdameahttun |
| Giella: | Spanish |
| Almmustuhtton: |
España :
Editorial Grijalbo,
1965.
|
| Fáttát: | |
| Fáddágilkorat: |
Lasit fáddágilkoriid
Eai fáddágilkorat, Lasit vuosttaš fáddágilkora!
|
MARC
| LEADER | 000000000a22000000004500 | ||
|---|---|---|---|
| 001 | 003687 | ||
| 041 | 0 | |a spa | |
| 082 | 0 | 4 | |a 111.85 |b l954e |
| 100 | 1 | |a Lucacs, Georg | |
| 245 | 1 | 0 | |a Estética : |b Categorías básicas de lo estético / |c Georg Lucacs. |
| 260 | 1 | |a España : |b Editorial Grijalbo, |c 1965. | |
| 300 | |a 305 páginas | ||
| 650 | 4 | |a ESTETICA | |
| 999 | |c 10155 |d 10155 | ||
| 942 | |c BK |h 111.85 l954e |2 z | ||
